000 00941cam a22002897a 4500
003 CHAP
005 20220329133527.0
008 041019s1996 r 00010 d
010 _a7435
011 _a8407
035 _a7633
040 _cCHAP
082 _a423.6
_bG72
245 0 _aGran diccionario inglés - español
260 _aBogotá. :
_bPrograma Educativo Visul,
_c1992
300 _a207 p.
590 _aBATCH-UPD
_b10
_c20130110
_lUCH01
_h0938
590 _aBATCH-UPD
_b10
_c20130410
_lUCH01
_h0556
590 _aBATCH-UPD
_b10
_c20130914
_lUCH01
_h1321
590 _aCONVERSION
_b10
_c20130109
_lUCH01
_h1305
650 1 4 _aEspañol
_xDiccionarios
_xInglés.
_937729
650 1 4 _aInglés
_xDiccionarios
_xEspañol.
_958336
901 _aBK
942 _cLIBRO
949 _a423.6 G72
_bBC
_cC
_d33724000930855
_eC
_gI.166808
_h83811
_i7633
_si
_t656.00
949 _a423.6 G72
_bBC
_cC
_d33724000930913
_eC
_fc.2
_gI.166808
_h83812
_i7633
_si
_t656.00
999 _c7435
_d7435